Ciudades de México por apodo - Estadísticas

Estadísticas generales
  • Esta prueba ha sido intentada 820 veces
    554 desde el último reinicio
  • La puntuación promedio es 9 de 16
Estadísticas de respuestas
Apodo Ciudad % Correcto
La perla tapatia Guadalajara
90%
La sultana del norte Monterrey
85%
La ciudad de los palacios Ciudad de México
81%
Ciudad de los ángeles Puebla
76%
Donde inicia la patria Tijuana
70%
Capital del calzado León
67%
La ciudad blanca Mérida
64%
La puerta de México Veracruz
57%
Ciudad de la eterna primavera Cuernavaca
54%
La perla del pacífico Mazatlán
50%
La bella airosa Pachuca
47%
La ciudad que capturó el sol Mexicali
32%
El relicario virreinal San Luis Potosí
31%
Capital mundial del aguacate Uruapan
26%
La cuna de la bandera Iguala
21%
Ciudad de la luz Taxco
12%
No se encontraron pruebas coincidentes
Distribución de puntuación
Porcentaje de gente con cada puntuación
Porcentaje por número respondido
Historial de tus puntuaciones
No has intentado esta prueba desde el último reinicio